La politica de la ciudad (Registro nro. 1525)

Detalles MARC
000 -LEADER
fixed length control field 00826 a2200229 4500
001 - CONTROL NUMBER
control field 26942
005 - DATE AND TIME OF LATEST TRANSACTION
control field 20260407155547.0
008 - FIXED-LENGTH DATA ELEMENTS--GENERAL INFORMATION
fixed length control field 260407a1974 arg spa d
003 - CONTROL NUMBER IDENTIFIER
control field AR-UNSa-BCEJYS
040 ## - CATALOGING SOURCE
Original cataloging agency AR-UNSa-BCEJYS
Language of cataloging spa
Transcribing agency AR-UNSa-BCEJYS
080 ## - UNIVERSAL DECIMAL CLASSIFICATION NUMBER
Universal Decimal Classification number 711(450)
Common auxiliary subdivision Urbanismo en Italia
020 ## - INTERNATIONAL STANDARD BOOK NUMBER
International Standard Book Number 84-7088-122-1
100 1# - MAIN ENTRY--PERSONAL NAME
Personal name Compagna, Francesco
245 10 - TITLE STATEMENT
Title La politica de la ciudad
264 #1 - PRODUCTION, PUBLICATION, DISTRIBUTION, MANUFACTURE, AND COPYRIGHT NOTICE
Place of production, publication, distribution, manufacture Madrid :
Name of producer, publisher, distributor, manufacturer Instituto de Estudios de Administración Local
Date of production, publication, distribution, manufacture, or copyright notice 1974
300 ## - PHYSICAL DESCRIPTION
Extent 285 p.
Dimensions 21 cm.
505 ## - FORMATTED CONTENTS NOTE
Formatted contents note 1. La cuestión urbana y la cuestión meridional - 2. Los términos metropolitanos de la cuestión urbana - 3. La prospectiva metropolitana del problema meridional
590 ## - LOCAL NOTE (RLIN)
Local note niveau_biblio:m niveau_hierar:0
700 1# - ADDED ENTRY--PERSONAL NAME
Personal name Barrios Salinas, María Isabel
700 1# - ADDED ENTRY--PERSONAL NAME
Personal name Moreu Randon, María
942 ## - ADDED ENTRY ELEMENTS (KOHA)
Koha item type
Existencias
Withdrawn status Lost status Damaged status Not for loan Home library Current library Shelving location Date acquired Total checkouts Full call number Barcode Date last seen Price effective from Koha item type
        Biblioteca Prof. Eusebio Cleto del Rey Biblioteca Prof. Eusebio Cleto del Rey   07/04/2026   711(450) C736 L58370 07/04/2026 07/04/2026 Libro